000 00333nam a22001457a 4500
008 240207b ||||| |||| 00| 0 eng d
020 _a9780763722883
041 _aeng
080 _22005
_a610.73
082 _a610.73AND
100 _a8
101 _aINF
245 _aREPRODUCTIVE HEALTH
_cBARBARA A. ANDERSON
942 _2udc
_cBK
999 _c60591
_d60591